000
00300nam a22001217a 4500
020
_a
9789382006503
082
_a
620.43
_b
SUH/NA
100
_a
Bhattacharya Suhas
_9
262
245
_a
A Text Book of Nanoscience & Nanotechnology
260
_a
Delhi
_b
Wisdom Press
_c
2013
300
_a
283
_b
942
_c
BK
999
_c
14201
_d
14201